header

Psychotherapy training and practice (Record no. 129174)

MARC details
000 -LEADER
fixed length control field 01131nam a2200289Ia 4500
100 1# - MAIN ENTRY--AUTHOR NAME
Personal name Wilkinson, Kate,
245 10 - TITLE STATEMENT
Title Psychotherapy training and practice
260 ## - PUBLICATION, DISTRIBUTION, ETC. (IMPRINT)
Place of publication London :
Name of publisher Karnac,
Year of publication 2008.
300 ## - PHYSICAL DESCRIPTION
Number of Pages xiii, 251 p.
650 #0 - SUBJECT ADDED ENTRY--TOPICAL TERM
Topical Term Shadow (Psychoanalysis)
Topical Term Psychoanalysis.
856 40 - ELECTRONIC LOCATION AND ACCESS
Uniform Resource Identifier http://site.ebrary.com/lib/rucke/Doc?id=10463836

No items available.

© 2026 Rongo University
Contact us: librarian | system librarian | Rongo university